|
|
|
|
| LEADER |
00000nam2a2200000 4500 |
| 001 |
51951 |
| 005 |
20231101211334.0 |
| 010 |
|
|
|a 5020182230
|
| 035 |
|
|
|a (RuTPU)RU\TPU\book\54395
|
| 090 |
|
|
|a 51951
|
| 100 |
|
|
|a 20030521d2002 k y0rusy50 ca
|
| 101 |
1 |
|
|a rus
|a kor
|
| 102 |
|
|
|a RU
|
| 105 |
|
|
|a b z 001zd
|
| 200 |
0 |
|
|a Т. 3 : Разные описания. Биографии
|
| 210 |
|
|
|d 2002
|
| 215 |
|
|
|a 444 с.
|c карты
|
| 320 |
|
|
|a Библиогр.: с. 333-365
|
| 320 |
|
|
|a Указатель географических и этнических названий: с. 366-397
|
| 320 |
|
|
|a Указатель имен, наименований мифических персонажей и девизов царствований: с. 398-413
|
| 461 |
|
1 |
|0 (RuTPU)RU\TPU\book\57289
|t Самгук саги
|o Пер. с ханмуна
|o В 3 т.
|f Ким Бусик
|v Т. 3 : Разные описания. Биографии
|g Российская академия наук (РАН), Институт востоковедения (ИВ) ; Московский государственный университет им. М. В. Ломоносова (МГУ), Международный центр корееведения (МЦК)
|d 1959-
|s Памятники литературы народов Востока ; Т. 1, 3
|
| 600 |
|
0 |
|a Ким Юсин
|c корейский государственный деятель
|f 595 - 673
|2 stltpush
|3 (RuTPU)RU\TPU\pers\8424
|9 1641
|
| 610 |
1 |
|
|a история
|
| 610 |
1 |
|
|a Корея
|
| 610 |
1 |
|
|a историография
|
| 610 |
1 |
|
|a исторические источники
|
| 610 |
1 |
|
|a летописи
|
| 610 |
1 |
|
|a 1 век до н.э. - 10 век н.э.
|
| 610 |
1 |
|
|a персоналии
|
| 686 |
|
|
|a Т3(5Ко)
|v LBC/SL-A
|2 rubbk
|
| 686 |
|
|
|a Ч611.68
|v LBC/SL-A
|2 rubbk
|
| 801 |
|
1 |
|a RU
|b 63413507
|c 20030521
|g PSBO
|
| 801 |
|
2 |
|a RU
|b 63413507
|c 20160426
|g PSBO
|
| 942 |
|
|
|c BK
|